000 00591nam a2200181Ia 4500
008 151202s9999||||xx |||||||||||||| ||und||
082 _bPNVM-41250
100 _aघारे दीपक.
245 _aआपुलेनी अवकाशे.
260 _b"मॅजेस्टिक प्रक ाशन ,मुंबई."
260 _c1997
300 _a153
600 _aघारे दीपक.
630 _aआपुलेनी अवकाशे.
700 _aघारे दीपक.
730 _aआपुलेनी अवकाशे.
942 _cBOOK
999 _c1307202
_d1307199